Depletable resources and the economy

Gespeichert in:
Bibliographische Detailangaben
1. Verfasser: Heijman, Willem Johannes Maria
Format: Buch
Sprache:Undetermined
Veröffentlicht: Wageningen Landbouwuniv. Wageningen Agricultural University 1991
Schlagworte:
Tags: Tag hinzufügen
Keine Tags, Fügen Sie den ersten Tag hinzu!
Thư viện lưu trữ: Trung tâm Học liệu Trường Đại học Cần Thơ
LEADER 00533nam a2200181Ia 4500
001 CTU_154532
008 210402s9999 xx 000 0 und d
082 |a 330 
082 |b H465 
100 |a Heijman, Willem Johannes Maria 
245 0 |a Depletable resources and the economy 
245 0 |c Willem Johannes Maria Heijman 
260 |a Wageningen 
260 |b Landbouwuniv. Wageningen Agricultural University 
260 |c 1991 
650 |a Economics 
904 |i Giang 
980 |a Trung tâm Học liệu Trường Đại học Cần Thơ